Biggest City by Religion - Statistics

General Stats
  • This quiz has been taken 49 times
  • The average score is 7 of 10
Answer Stats
Religion City % Correct
Hinduism Delhi
98%
Shinto Tokyo
91%
Judaism Tel Aviv
87%
Christianity São Paulo
80%
Islam Jakarta
76%
Yoruba Lagos
74%
Buddhism Bangkok
65%
Voodoo Port-au-Prince
61%
Taoism Chongqing
26%
Sikhism Ludhiana
7%
No matching quizzes found
Score Distribution
Percent of People with Each Score
Percentile by Number Answered
Your Score History
You have not taken this quiz